| 000 | 00795nam a2200241Ia 4500 | ||
|---|---|---|---|
| 005 | 20220621112453.0 | ||
| 008 | 210716s2006 xx 000 0 und d | ||
| 020 | _a9788173199516 | ||
| 040 | _cAIMIT LIBRARY | ||
| 041 | _aeng | ||
| 082 |
_a511.42 _21 _bPATP |
||
| 100 |
_aPatil, P B. _944137 |
||
| 245 |
_aNumerical computational methods / _cBy P B Patil and U P Verma. |
||
| 250 | _a1st ed. | ||
| 260 |
_aNew Delhi : _bNarosa Publishing House , _c2009. |
||
| 300 |
_axiii,669p. ; _c24 cm. |
||
| 650 |
_aNumerical method error and algorithms _944138 |
||
| 650 |
_aNumerical solutions of transcendental equations _944139 |
||
| 650 |
_aSolutions of eigen equations _944140 |
||
| 650 |
_aNumerical integration _944141 |
||
| 700 |
_aVerma, U P. _944142 |
||
| 942 |
_2ddc _cBK _e1st _k511.42 PATP |
||
| 999 |
_c189128 _d189128 |
||